Environmental Geology (Record no. 19184)
[ view plain ]
| 000 -LEADER | |
|---|---|
| fixed length control field | 00457nam a22001577a 4500 |
| 008 - FIXED-LENGTH DATA ELEMENTS--GENERAL INFORMATION | |
| fixed length control field | 220204b |||||||| |||| 00| 0 eng d |
| 020 ## - INTERNATIONAL STANDARD BOOK NUMBER | |
| International Standard Book Number | 9339221257 |
| 050 ## - LIBRARY OF CONGRESS CALL NUMBER | |
| Classification number | GB5020 |
| Item number | .M66 2014 |
| 100 ## - MAIN ENTRY--PERSONAL NAME | |
| Personal name | Montgomery, Carla W. |
| 245 ## - TITLE STATEMENT | |
| Title | Environmental Geology |
| Statement of responsibility, etc. | Carla W. Montgomery |
| 260 ## - PUBLICATION, DISTRIBUTION, ETC. (IMPRINT) | |
| Place of publication, distribution, etc. | New York |
| Name of publisher, distributor, etc. | McGrawHill |
| Date of publication, distribution, etc. | 2014 |
| 300 ## - PHYSICAL DESCRIPTION | |
| Extent | 3Vol (various paging) |
| 650 ## - SUBJECT ADDED ENTRY--TOPICAL TERM | |
| Topical term or geographic name as entry element | Natural disasters |
| 650 ## - SUBJECT ADDED ENTRY--TOPICAL TERM | |
| Topical term or geographic name as entry element | Conservation and natural resources |
| 942 ## - ADDED ENTRY ELEMENTS (KOHA) | |
| Source of classification or shelving scheme | Library of Congress Classification |
| Koha item type | General Collection |
| Withdrawn status | Lost status | Source of classification or shelving scheme | Not for loan | Home library | Current library | Date acquired | Cost, normal purchase price | Total Checkouts | Full call number | Barcode | Date last seen | Price effective from | Koha item type |
|---|---|---|---|---|---|---|---|---|---|---|---|---|---|
| Library of Congress Classification | Kabarak, Main Campus | Kabarak, Main Campus | 04/02/2022 | 8122.00 | GB5020 .M66 2014 c.1 | 031420 | 04/02/2022 | 04/02/2022 | General Collection | ||||
| Library of Congress Classification | Kabarak, Main Campus | Kabarak, Main Campus | 04/02/2022 | 8122.00 | GB5020 .M66 2014 c.2 | 031421 | 04/02/2022 | 04/02/2022 | General Collection | ||||
| Library of Congress Classification | Kabarak, Nakuru City Campus | Kabarak, Nakuru City Campus | 04/02/2022 | 8122.00 | GB5020 .M66 2014 c.1 | 031422 | 04/02/2022 | 04/02/2022 | General Collection |